Podział Administracyjny Europejskiej Rosji - Quiz na mapie - Statystyki

Ogólne statystyki
  • Ten quiz został rozwiązany 27 razy
    12 od ostatniego zresetowania
  • Średni wynik to 28 z 58
Odpowiedzi na mapie
Odpowiedzi zakodowano w zielono-czerwonej skali na mapie do tego quizu, zgodnie z poniższymi procentami.
 
Statystyki odpowiedzi
Odpowiedź % Poprawnych
Miasto Moskwa
100%
Autonomiczna Republika Krymu
83%
Miasto Petersburg
83%
Miasto Sewastopol
83%
Obwód Królewiecki
83%
Obwód Kurski
83%
Obwód Leningradzki
83%
Obwód Moskiewski
83%
Obwód Murmański
83%
Obwód Rostowski
83%
Republika Karelii
83%
Republika Komi
83%
Nieniecki Okręg Autonomiczny
67%
Obwód Archangielski
67%
Obwód Astrachański
67%
Obwód Biełgorodzki
67%
Obwód Pskowski
67%
Republika Adygei
67%
Republika Czeczeńska
67%
Republika Inguszetii
67%
Republika Kabardyjsko-Bałkarska
67%
Republika Kałmucji
67%
Republika Osetii Północnej-Alanii
67%
Republika Tatarstanu
67%
Kraj Krasnodarski
50%
Kraj Permski
50%
Kraj Stawropolski
50%
Obwód Orenburski
50%
Obwód Smoleński
50%
Republika Czuwaska
50%
Republika Dagestanu
50%
Obwód Briański
33%
Obwód Kałużski
33%
Obwód Nowogrodzki
33%
Obwód Uljanowski
33%
Obwód Wołgogradzki
33%
Obwód Wołogodzki
33%
Obwód Woroneski
33%
Republika Baszkortostanu
33%
Republika Karaczajsko-Czerkieska
33%
Republika Mordowii
33%
Obwód Iwanowski
17%
Obwód Jarosławski
17%
Obwód Kirowski
17%
Obwód Kostromski
17%
Obwód Lipiecki
17%
Obwód Niżnonowogrodzki
17%
Obwód Orłowski
17%
Obwód Penzeński
17%
Obwód Riazański
17%
Obwód Samarski
17%
Obwód Saratowski
17%
Obwód Tambowski
17%
Obwód Tulski
17%
Obwód Twerski
17%
Obwód Włodzimierski
17%
Republika Mari El
17%
Republika Udmurcji
17%
Nie znaleziono quizów pasujących do podanych kryteriów
Rozkład punktacji
Procent ludzi z każdym wynikiem
Percentyl według liczby udzielonych odpowiedzi
Twoja historia wyników
Nie rozwiązałeś tego quizu od ostatniego zresetowania